Creed - My Own Prison Lyrics - Statistics

General Stats
  • This quiz has been taken 47 times
  • The average score is 213 of 387
Answer Stats
Answer % Correct
I
100%
A
95%
My
95%
Own
95%
On
86%
The
86%
By
82%
Court
82%
He
82%
Head
82%
In
82%
Is
82%
Session
82%
Sin
82%
Verdict
82%
No
77%
Sun
77%
To
77%
Day
73%
Just
73%
Should
73%
So
73%
And
68%
(And
68%
Been
68%
Have
68%
Held
68%
Morning
68%
Oh)
68%
Prison
68%
Sunday
68%
Dead
64%
Docket
64%
High
64%
Today
64%
Up
64%
Appeal
59%
Of
59%
Inside
55%
Banging
50%
Burn
50%
Cage
50%
Created
50%
Made
50%
Said
50%
Steel
50%
Ain’t
45%
Begins
45%
Burns
45%
Fill
45%
Got
45%
Only
45%
Skin
45%
That
45%
Walls
45%
Alone
41%
Around
41%
Cold
41%
Hate
41%
Hear
41%
Motion
41%
Now
41%
Room
41%
Screams
41%
Silence
41%
Sound
41%
Time
41%
Breath
36%
Drop
36%
Emotion
36%
Expecting
36%
Face
36%
For
36%
Life
36%
Me
36%
Pale
36%
Return
36%
Sentence
36%
Shackled
36%
Showing
36%
There
36%
Cross
32%
Demons
32%
Hiding
32%
Kneel
32%
Mourning
32%
Penance
32%
We
32%
All
27%
Cluttering
27%
Distance
27%
Eternally
27%
Feel
27%
From
27%
Fuels
27%
Here
27%
Holds
27%
I’ve
27%
Key
27%
Lion
27%
See
27%
Shines
27%
Some
27%
Vision
27%
Which
27%
Are
23%
Captive
23%
Gabriel
23%
Given
23%
God
23%
Loss
23%
Meek
23%
One
23%
Out
23%
Pain
23%
Pride
23%
Sad
23%
Selfish
23%
Their
23%
Thunder
23%
Was
23%
Burden
18%
Confirms
18%
Cry
18%
Darkness
18%
Decision
18%
Free
18%
His
18%
Light
18%
Seeking
18%
Stand
18%
Roars
14%
Bring
9%
No matching quizzes found
Score Distribution
Percent of People with Each Score
Percentile by Number Answered
Your Score History
You have not taken this quiz